Hansi Flick's Bayern Munich - Statistics

General Stats
  • This quiz has been taken 53 times
  • The average score is 28 of 43
Answer Stats
Rank Player Position Nationality Matches Goals Assists % Correct
6 Alphonso Davies Left-Back 70 3 10
100%
3 David Alaba Centre-Back 78 3 9
100%
4 Joshua Kimmich Defensive Midfield 74 12 26
100%
1 Manuel Neuer Goalkeeper 81 0 1
100%
5 Robert Lewandowski Centre-Forward 71 83 22
100%
7 Serge Gnabry Left Winger 70 27 16
100%
2 Thomas Müller Second Striker 81 27 45
100%
11 Kingsley Coman Left Winger 63 13 17
98%
14 Leroy Sané Right Winger 44 10 11
98%
12 Lucas Hernández Left-Back 53 1 5
96%
18 Eric-Maxim Choupo-Moting Centre-Forward 32 9 1
93%
10 Leon Goretzka Central Midfield 64 15 18
91%
9 Benjamin Pavard Centre-Back 67 3 7
89%
15 Corentin Tolisso Central Midfield 40 6 3
89%
22 Douglas Costa Right Winger 20 1 3
89%
20 Ivan Perišić Right Winger 26 6 8
89%
16 Jamal Musiala Attacking Midfield 38 7 1
89%
13 Javi Martínez Centre-Back 46 1 2
89%
21 Philippe Coutinho Attacking Midfield 25 9 5
89%
8 Jérôme Boateng Centre-Back 67 2 3
84%
17 Niklas Süle Centre-Back 37 2 0
84%
36 Sven Ulreich Goalkeeper 1 0 0
84%
19 Thiago Alcántara Central Midfield 26 3 0
84%
24 Bouna Sarr Right-Back 15 0 3
80%
23 Joshua Zirkzee Centre-Forward 17 4 1
76%
38 Josip Stanisic Right-Back 1 0 0
67%
27 Chris Richards Centre-Back 8 0 1
64%
26 Michaël Cuisance Central Midfield 9 1 1
58%
25 Marc Roca Defensive Midfield 11 0 0
56%
30 Alexander Nübel Goalkeeper 4 0 0
49%
29 Álvaro Odriozola Right-Back 5 0 1
49%
28 Tanguy Nianzou Centre-Back 6 0 0
49%
34 Sarpreet Singh Attacking Midfield 2 0 0
36%
31 Angelo Stiller Defensive Midfield 3 0 0
22%
33 Tiago Dantas Central Midfield 2 0 0
20%
43 Kwasi Wriedt Centre-Forward 1 0 0
18%
41 Fiete Arp Centre-Forward 1 0 0
16%
42 Daniels Ontuzans Right Winger 1 0 0
9%
40 Oliver Batista Meier Attacking Midfield 1 0 0
9%
37 Bright Arrey-Mbi Centre-Back 1 0 0
7%
35 Christopher Scott Attacking Midfield 2 0 0
7%
32 Leon Dajaku Second Striker 3 0 0
7%
39 Armindo Sieb Second Striker 1 0 0
4%
No matching quizzes found
Score Distribution
Percent of People with Each Score
Percentile by Number Answered
Your Score History
You have not taken this quiz